Leader xxxxxxxxxx
001 __ PCLIS00036501
005 __ 20211029151518.0
010 0_ |a957-8323-63-8|b平裝|dNT$180
100 __ |a20061117d2005 m y0chiy09 e
101 0_ |achi
102 __ |atw
105 __ |aa z 000zd
200 1_ |a山豬.飛鼠.撒可努|f亞榮隆.撒可努作
205 __ |a增訂版
210 __ |a臺北縣板橋市|c耶魯國際文化出版|a臺北縣新店市|c農學總經銷|d2005[民94]
215 0_ |a241, [4]面|c圖|d21公分
225 2_ |a易讀書坊|vE001
300 __ |a封面副題名: 飛鼠大學招生囉!
300 __ |a書背副題名: 獵人學校招生囉!
300 __ |a著者漢名戴志強
300 __ |a作者號由t038取自作者漢名,由t561改回
410 _0 |12001 |a易讀書坊|vE001
517 1_ |a山豬飛鼠撒可努|zchi
517 1_ |a飛鼠大學招生囉!|zchi
517 1_ |a飛鼠大學招生囉!zchi
606 __ |2cst|a原住民
606 __ |2cst|a排灣族
606 __ |2cst|a社會生活
606 __ |2cst|a風俗
681 __ |a536.3361|b8464
681 __ |a536.296|b8333
700 _1 |a亞榮隆.|b撒可努|4著
801 _0 |atw|b內湖高中|c20061117|gCCR
801 _2 |atw|b內湖高中|c20211029|gCCR
|